000 00633nam a2200277Ia 4500
005 20260324113528.0
008 008 260324s9999 xx 000 0 eng d
020 _a9780429331589
037 _aEBOOK
040 _aCRL
040 _beng
040 _cCRL
041 _2eng
041 _aeng
084 _qCRL
100 _aPartho Pratim Seal
_91147133
245 0 _aFood Anthropology in India
260 _bTaylor and Francis
260 _c2023
365 _a
365 _b220
856 _uhttp://www.taylorfrancis.com/books/9780429331589
942 _cEBOOK
999 _c1736842
_d1736842